THE PHARMACEUTICAL REGULATORY PROCESS (Record no. 8292)

MARC details
000 -LEADER
fixed length control field 00469nam a22001817a 4500
005 - DATE AND TIME OF LATEST TRANSACTION
control field 20230415111219.0
008 - FIXED-LENGTH DATA ELEMENTS--GENERAL INFORMATION
fixed length control field 230414b |||||||| |||| 00| 0 eng d
020 ## - INTERNATIONAL STANDARD BOOK NUMBER
ISBN 978-03672-0284-2
041 ## - LANGUAGE CODE
Language code of text/sound track or separate title eng
082 ## - DEWEY DECIMAL CLASSIFICATION NUMBER
Classification number 610 BER-T
100 ## - MAIN ENTRY--AUTHOR NAME
Personal name BERRY ,IRA R. AND MARTIN , ROBERT
245 ## - TITLE STATEMENT
Title THE PHARMACEUTICAL REGULATORY PROCESS
250 ## - EDITION STATEMENT
Edition statement 2nd ed.
260 ## - PUBLICATION, DISTRIBUTION, ETC. (IMPRINT)
Name of publisher CRS PRESS
300 ## - PHYSICAL DESCRIPTION
Number of Pages 469;P.
650 ## - SUBJECT ADDED ENTRY--TOPICAL TERM
Topical Term PHARMACY
General subdivision B. PHARMA
942 ## - ADDED ENTRY ELEMENTS (KOHA)
Koha item type Books
Holdings
Lost status Damaged status Collection code Home library Current library Shelving location Date acquired Source of acquisition Cost, normal purchase price Full call number Accession Number Koha item type
    Reference JRU Library JRU Library SHELF-4-C 13/04/2023 LOHIA BOOK INTERNATIONAL 3995.00 610 BER-T 27694 Books
    PHARMACY JRU Library JRU Library SHELF-19-B 13/04/2023 LOHIA BOOK INTERNATIONAL 3995.00 610 BER-T 27695 Books